| 000 | 00829nam a2200289 i 4500 | ||
|---|---|---|---|
| 001 | 15759 | ||
| 003 | DO-SdUEMH | ||
| 005 | 20260131160722.0 | ||
| 007 | ta | ||
| 008 | 211105s2007||||dr |||gr|||| 0|| | spa d | ||
| 020 | _a9789945020212 | ||
| 040 |
_aDO-SdUEMH _bspa _erda |
||
| 041 | _aspa | ||
| 082 | 1 | 4 |
_aRD 352.14097293 C322C 2007 _mRD _bR696 |
| 084 | _b08-01012 | ||
| 100 | 1 |
_aRodríguez Morel, Genaro _ecom |
|
| 245 | 0 |
_aCartas del Cabildo de Santo Domingo en el Siglo XVII / _cGenaro Rodríguez Morel |
|
| 260 | _c2007 | ||
| 264 | 1 |
_aSanto Domingo, República Dominicana : _bBúho, C. por A., _c2007 |
|
| 264 | 4 | _c©2007 | |
| 300 |
_a441 páginas : _c22 cm. |
||
| 336 |
_2rdacontent _atexto _btxt |
||
| 337 |
_2rdamedia _asin mediación _bn |
||
| 338 |
_2rdacarrier _avolumen _bnc |
||
| 942 |
_2ddc _cBK _n0 |
||
| 999 |
_c15759 _d15759 |
||